000 00409nam a2200181Ia 4500
005 20250603145937.0
008 250603s9999 xx 000 0 und d
020 _a033348195X
050 _aPZ 7 .J36 T87/
100 _aJames, Henry
245 4 _aThe turn of the screw
260 _aOxford
260 _bOxford University Press
260 _c2002
300 _a60 p
650 _aOxford
942 _cBK
999 _c43316
_d43316